Frieze/ (Record no. 3551)

MARC details
000 -LEADER
campo de control de longitud fija 01563nam a22002897a 4500
003 - IDENTIFICADOR DE NÚMERO DE CONTROL
campo de control OSt
005 - FECHA Y HORA DE LA ÚLTIMA TRANSACCIÓN
campo de control 20230503165550.0
008 - DATOS DE LONGITUD FIJA--INFORMACIÓN GENERAL
campo de control de longitud fija 221006b |||||||| |||| 00| 0 eng d
040 ## - FUENTE DE CATALOGACIÓN
Centro/agencia transcriptor Biblioteca Lado V
082 ## - NÚMERO DE LA CLASIFICACIÓN DECIMAL DEWEY
Número de clasificación 709.05
Número de ítem R643f
100 ## - ENTRADA PRINCIPAL--NOMBRE DE PERSONA
9 (RLIN) 825
Nombre de persona Roberts, James
Término indicativo de función/relación editor
245 ## - MENCIÓN DEL TÍTULO
Título Frieze/
Resto del título Contemporary Art And Culture/
260 ## - PUBLICACIÓN, DISTRIBUCIÓN, ETC.
Nombre del editor, distribuidor, etc. Durian Publications Ltd.
Lugar de publicación, distribución, etc. Inglaterra
Fecha de publicación, distribución, etc. 2005
300 ## - DESCRIPCIÓN FÍSICA
Dimensiones 23x30cm
Extensión 232p.
366 ## - INFORMACIÓN SOBRE DISPONIBILIDAD COMERCIAL
Nota eng
490 ## - MENCIÓN DE SERIE
Mención de serie 94
Designación de volumen o secuencia 2005
505 ## - NOTA DE CONTENIDO CON FORMATO
Título FRONT
Nota de contenido con formato State of the Art<br/><br/>Letters<br/><br/>View from the bridge<br/><br/>Laughter tears<br/><br/>Informant<br/><br/>Debate<br/><br/>Books<br/><br/>Debate<br/><br/>Events<br/><br/>Architecture<br/><br/>Music
505 ## - NOTA DE CONTENIDO CON FORMATO
Título BACK
Nota de contenido con formato REVIEWS<br/><br/>Stephen Shore<br/><br/>Avalanche<br/><br/>Anna Parkina<br/><br/>Neo Ranch<br/><br/>The American West<br/><br/>The Need to Document<br/><br/>Matthew Monahan<br/><br/>Tina Keane<br/><br/>Isaac Julien<br/><br/>Chris Burden<br/><br/>Bridges Freezes<br/><br/>Simon Starling<br/><br/>Becoming Animal<br/><br/>Alessandro Pessoli<br/><br/>Fernando Bryce<br/><br/>Liz Larner<br/><br/>Mungo Thomson<br/><br/>Threshold<br/><br/>Sven Gundlach<br/><br/>Jack Goldstein<br/><br/>Art & Language<br/><br/>Andrea Bowers<br/><br/>Max Shumann<br/><br/>Annelise Coste<br/><br/>Tadeuz Kantor
650 ## - PUNTO DE ACCESO ADICIONAL DE MATERIA--TÉRMINO DE MATERIA
Fuente del encabezamiento o término Tesauro de Arte & Arquitectura
Término de materia o nombre geográfico como elemento de entrada ARTE
9 (RLIN) 703
650 ## - PUNTO DE ACCESO ADICIONAL DE MATERIA--TÉRMINO DE MATERIA
Fuente del encabezamiento o término Tesauro de Arte & Arquitectura
Término de materia o nombre geográfico como elemento de entrada EXPOSICIONES
650 ## - PUNTO DE ACCESO ADICIONAL DE MATERIA--TÉRMINO DE MATERIA
Fuente del encabezamiento o término Tesauro de Arte & Arquitectura
Término de materia o nombre geográfico como elemento de entrada CULTURA
650 ## - PUNTO DE ACCESO ADICIONAL DE MATERIA--TÉRMINO DE MATERIA
Fuente del encabezamiento o término Tesauro de Arte & Arquitectura
Término de materia o nombre geográfico como elemento de entrada APRECIACION
650 ## - PUNTO DE ACCESO ADICIONAL DE MATERIA--TÉRMINO DE MATERIA
Fuente del encabezamiento o término Tesauro de Arte & Arquitectura
Término de materia o nombre geográfico como elemento de entrada TEORIA
650 ## - PUNTO DE ACCESO ADICIONAL DE MATERIA--TÉRMINO DE MATERIA
Fuente del encabezamiento o término Tesauro de Arte & Arquitectura
Término de materia o nombre geográfico como elemento de entrada ARTE CONTEMPORANEO
650 ## - PUNTO DE ACCESO ADICIONAL DE MATERIA--TÉRMINO DE MATERIA
Fuente del encabezamiento o término Tesauro de Arte & Arquitectura
Término de materia o nombre geográfico como elemento de entrada INGLATERRA
942 ## - ELEMENTOS DE ENTRADA SECUNDARIOS (KOHA)
Fuente del sistema de clasificación o colocación Clasificación Decimal Dewey
Tipo de ítem Koha Libros
Parte de la signatura que corresponde a la clasificación (Parte de la clasificación) 709.05
Parte de la signatura que identifica el ejemplar (Parte del ítem) R643f
Suprimir en OPAC No
Holdings
Estatus retirado Estado de pérdida Fuente del sistema de clasificación o colocación Especificación de materiales (volumen encuadernado u otra parte) Estado de daño No para préstamo Colección Biblioteca de origen Biblioteca actual Fecha de adquisición Enumeración/cronología de publicación seriada Número de inventario Total de préstamos Signatura topográfica completa Código de barras Visto por última vez Precio de reemplazo Tipo de ítem Koha
    Clasificación Decimal Dewey 2005     Revistas Biblioteca LadoV Biblioteca LadoV 03/05/2023 94 003380   709.05 R643f 003380 03/05/2023 03/05/2023 Libros